000 01726nam0a2200385 4500
001 RU\NLR\bibl\930641
005 20260406155914.0
010 _a5-93209-895-3
_915000
021 _aRU
_b2006-6873
_9326
035 _a(nilc)RSL-KNO-002837833
035 _a(NLR Aleph) 000918872
090 _a86960
_c86960
100 _a20060310d2006 |||y0rusy50 ca
101 0 _arus
102 _aRU
105 _aa |||||||||
106 _ar
200 1 _aВот какая мама!
_e[стихи
_eдля чтения взрослыми детям]
_fЕ. Благинина
_gхудож. Е. Вихорева, Ю. Исайкин
210 _aМосква
_cОмега
_d2006 (печ. 2005)
215 _a[63] с.
_cцв. ил.
_d17
225 1 _aДля самых маленьких
610 0 _aФилологические науки. Художественная литература -- Детская литература -- Российская Федерация -- Русская детская литература -- Издания для младшего возраста -- Стихотворные жанры -- Стих
686 _aШ9(2)6=Р70-53
_2rubbk
686 _aШ9(2)60=Р7-5
700 1 _4070
_8rus
_7ca
_aБлагинина
_bЕ. А.
_f1903-1989
_gЕлена Александровна
_3RU\NLR\AUTH\777973
_9117894
702 1 _aВихорева
_bЕ.
_4040
702 1 _4040
_8rus
_7ca
_aИсайкин
_bЮ. Я.
_cхудожник
_f1949-
_gЮрий Яковлевич
_3RU\NLR\AUTH\7777521
_960449
801 0 _aRU
_bРКП
_c20060310
_grcr
801 1 _aRU
_bРГБ
_c20060310
801 2 _aRU
_bNLR
_c20060412
_grcr
942 _cBOOK
980 _aNB